[Event "Women's Speed Chess Q4"]
[Site "chess.com INT"]
[Date "2020.06.21"]
[Round "2"]
[White "Babiy, Olga"]
[Black "Xu, Yuanyuan"]
[Result "1-0"]
[WhiteTitle "WGM"]
[BlackTitle "WGM"]
[WhiteElo "2228"]
[BlackElo "2317"]
[WhiteFideId "14117258"]
[BlackFideId "8601089"]
[EventDate "2020.06.21"]

1. e4 c6 2. Nf3 d5 3. Nc3 dxe4 4. Nxe4 Nf6 5. Qe2 Nxe4 6. Qxe4 Qd5 7. Qf4 Qf5 8.
d3 Qxf4 9. Bxf4 Nd7 10. O-O-O e6 11. g3 Be7 12. Bg2 O-O 13. h4 Nf6 14. Ne5 Nd7
15. Nc4 Nb6 16. Ne5 Nd7 17. g4 Nxe5 18. Bxe5 f6 19. Bc3 e5 20. f3 Be6 21. Kb1 h6
22. Bh3 g5 23. hxg5 hxg5 24. d4 Bd5 25. Bg2 exd4 26. Bxd4 Bd6 27. Rh6 Kf7 28.
Rxf6+ Ke7 29. Re1+ Kd7 30. Rg6 c5 31. Rxg5 Kc6 32. Bg7 Rf7 33. Rd1 Bf4 34. Rg6+
Bd6 35. Be5 Rd8 36. c4 Kc7 37. Rxd6 Rxd6 38. Rxd5 Rd7 39. f4 b6 40. g5 a5 41. g6
Rd8 42. g7 a4 43. Rxd6 Rxd6 44. Bxd6+ Kxd6 45. g8=Q Ke7 46. f5 Kf6 47. Qe6+ Kg5
48. f6 Kf4 49. f7 Kg3 50. f8=Q Kxg2 51. Qg6+ Kh2 52. Qh8# 1-0

[Event "Women's Speed Chess Q4"]
[Site "chess.com INT"]
[Date "2020.06.21"]
[Round "2"]
[White "Belenkaya, Dina"]
[Black "Shukhman, Anna"]
[Result "1-0"]
[WhiteTitle "WGM"]
[BlackTitle "WCM"]
[WhiteElo "2297"]
[BlackElo "1866"]
[WhiteFideId "24142654"]
[BlackFideId "54180058"]
[EventDate "2020.06.21"]

1. e4 c5 2. Nc3 e6 3. Nge2 d5 4. exd5 exd5 5. d4 Nc6 6. Be3 cxd4 7. Nxd4 Nf6 8.
Bb5 Bd7 9. O-O Bd6 10. Bg5 h6 11. Re1+ Kf8 12. Bh4 g5 13. Bg3 Bxg3 14. hxg3 Kg7
15. Qd3 Qc8 16. Bxc6 bxc6 17. Re7 c5 18. Nf3 Bf5 19. Qb5 Rb8 20. Qa5 Rxb2 21.
Qxa7 Rf8 22. Ne5 Be6 23. a4 Rxc2 24. Nb5 Ng8 25. Rb7 Qd8 26. Re1 Qf6 27. Nd3 c4
28. Nb4 Rb2 29. Nc7 Kg6 30. Ncxd5 Qf5 31. Nc7 c3 32. Nxe6 fxe6 33. Qb6 c2 34.
Rc7 1-0

[Event "Women's Speed Chess Q4"]
[Site "chess.com INT"]
[Date "2020.06.21"]
[Round "2"]
[White "Ilyuchyk, Yana"]
[Black "Sliwicka, Alicja"]
[Result "0-1"]
[WhiteTitle "WFM"]
[BlackTitle "WIM"]
[WhiteElo "2119"]
[BlackElo "2317"]
[WhiteFideId "13508407"]
[BlackFideId "1150677"]
[EventDate "2020.06.21"]

1. e4 c5 2. Nf3 d6 3. d4 cxd4 4. Nxd4 Nf6 5. Nc3 Bd7 6. Bg5 e6 7. Qd2 a6 8.
O-O-O h6 9. Bh4 Nxe4 10. Nxe4 Qxh4 11. f3 d5 12. Nc3 Nc6 13. Nb3 Be7 14. g3 Qf6
15. f4 O-O 16. g4 Bd6 17. f5 b5 18. Kb1 Bb4 19. h4 Bxc3 20. bxc3 exf5 21. g5 Qd6
22. gxh6 Qxh6 23. Qxd5 Rad8 24. Bg2 b4 25. Nc5 Nb8 26. Qc4 bxc3 27. Ka1 Qf6 28.
h5 Bb5 29. Qf4 Rxd1+ 30. Rxd1 Be2 31. Rh1 Re8 32. h6 g6 33. h7+ Kh8 34. Nb3 Nd7
35. Bd5 Ne5 36. Qd4 Bh5 37. Qxc3 Kxh7 38. Re1 Kg7 39. Nc5 Nd7 40. Qxf6+ Nxf6 41.
Rxe8 Nxe8 42. Nxa6 Be2 43. Nc5 f4 44. a4 Nc7 45. Bc6 f3 46. Ne4 f5 0-1

[Event "Women's Speed Chess Q4"]
[Site "chess.com INT"]
[Date "2020.06.21"]
[Round "2"]
[White "Tarleva, Vira"]
[Black "Socko, Monika"]
[Result "0-1"]
[WhiteTitle "WFM"]
[BlackTitle "GM"]
[WhiteElo "2030"]
[BlackElo "2428"]
[WhiteFideId "14116693"]
[BlackFideId "1106619"]
[EventDate "2020.06.21"]

1. e4 e6 2. d4 d5 3. Nd2 Be7 4. e5 c5 5. c3 Nc6 6. Ngf3 Qb6 7. Nb3 cxd4 8. cxd4
a5 9. a4 Bb4+ 10. Bd2 Bxd2+ 11. Nfxd2 Nxd4 12. Nxd4 Qxd4 13. Bb5+ Bd7 14. Bxd7+
Kxd7 15. O-O Ne7 16. Qb3 Qb4 17. Qd3 Rac8 18. Ra3 Qb6 19. Rb3 Qa6 20. Rb5 Rc7
21. Ne4 Rhc8 22. Nd6 Rf8 23. Qd2 Nc6 24. f4 Qa7+ 25. Kh1 Qd4 26. Qxd4 Nxd4 27.
Rxb7 Rxb7 28. Nxb7 Rb8 29. Nc5+ Ke7 30. b3 Rb4 31. Rb1 h6 32. g3 g5 33. fxg5
hxg5 34. Kg2 g4 35. h3 Nc6 36. h4 Nxe5 37. h5 Kf6 38. Rh1 Kg7 39. Kf2 Nc6 40.
Ke3 Rb8 41. Kd3 e5 42. Kc3 d4+ 43. Kc2 Nb4+ 44. Kd2 Rc8 45. Ne4 Rc2+ 46. Kd1 Ra2 0-1

[Event "Women's Speed Chess Q4"]
[Site "chess.com INT"]
[Date "2020.06.21"]
[Round "2"]
[White "Kiseleva, Arina"]
[Black "Gvanceladze, Anna"]
[Result "0-1"]
[WhiteTitle "WCM"]
[BlackTitle "WFM"]
[WhiteElo "2024"]
[BlackElo "2254"]
[WhiteFideId "4164989"]
[BlackFideId "4113721"]
[EventDate "2020.06.21"]

1. d4 d5 2. Nf3 Nf6 3. e3 c6 4. Bd3 g6 5. O-O Bg7 6. b3 O-O 7. Bb2 a5 8. a4 b6
9. Ne5 Bb7 10. Nd2 Nbd7 11. Ndf3 Rc8 12. Nxd7 Nxd7 13. Rb1 Qc7 14. c4 e6 15. Qe2
Rfe8 16. Rbc1 Qd6 17. Rfd1 Rcd8 18. Qc2 Qe7 19. e4 dxe4 20. Bxe4 Nf6 21. Ne5
Nxe4 22. Qxe4 c5 23. Qe3 Qh4 24. f4 Bh6 25. g3 Qh3 26. Qf2 Bf8 27. Qf1 Qf5 28.
Nf3 Qe4 29. d5 exd5 30. Re1 Qf5 31. Rxe8 Rxe8 32. Ne5 d4 33. Qf2 Qe4 34. Kf1 f6
35. Re1 Qf5 36. Nf3 Qd3+ 37. Kg2 Rxe1 38. Qxe1 Qxf3+ 0-1

[Event "Women's Speed Chess Q4"]
[Site "chess.com INT"]
[Date "2020.06.21"]
[Round "2"]
[White "Dwilewicz, Katarzyna"]
[Black "Bodnaruk, Anastasia"]
[Result "1/2-1/2"]
[WhiteTitle "WFM"]
[BlackTitle "IM"]
[WhiteElo "2120"]
[BlackElo "2411"]
[WhiteFideId "1148486"]
[BlackFideId "4181751"]
[EventDate "2020.06.21"]

1. e4 c5 2. Nf3 d6 3. d4 cxd4 4. Nxd4 Nf6 5. Nc3 a6 6. h3 e6 7. g4 Be7 8. g5
Nfd7 9. h4 b5 10. a3 Bb7 11. Be3 Nc6 12. Nxc6 Bxc6 13. Qd4 O-O 14. O-O-O Rb8 15.
h5 Bxg5 16. h6 Bf6 17. Qxd6 Ne5 18. hxg7 Qxd6 19. Rxd6 Rfd8 20. Rxd8+ Rxd8 21.
Be2 Nc4 22. Bxc4 bxc4 23. Rg1 Bxc3 24. bxc3 Bxe4 25. Bd4 Bg6 26. f4 Rd5 27. Rg5
Rb5 28. a4 Rd5 29. Kb2 h6 30. Rxd5 exd5 31. Bf6 h5 32. a5 h4 33. Bxh4 Kxg7 34.
Ka3 Bxc2 35. Kb4 Kg6 36. Kc5 Ba4 37. Kxd5 Kf5 38. Bg5 Bb5 39. Kc5 Ke4 40. Kd6
Kf5 41. Kc5 Ke4 42. Kd6 Kf5 43. Kc5 1/2-1/2

[Event "Women's Speed Chess Q4"]
[Site "chess.com INT"]
[Date "2020.06.21"]
[Round "2"]
[White "Skuhala, Barbara"]
[Black "Voit, Daria"]
[Result "1-0"]
[WhiteTitle "WFM"]
[BlackTitle "WGM"]
[WhiteElo "2095"]
[BlackElo "2343"]
[WhiteFideId "14605465"]
[BlackFideId "4182146"]
[EventDate "2020.06.21"]

1. e4 e6 2. d4 d5 3. Nc3 Bb4 4. e5 Ne7 5. Nf3 b6 6. a3 Bxc3+ 7. bxc3 Ba6 8. Bxa6
Nxa6 9. O-O O-O 10. Qd3 Qc8 11. Ng5 Ng6 12. Qh3 h6 13. Nf3 Re8 14. Bxh6 gxh6 15.
Qxh6 Qd7 16. Ng5 Nf8 17. f4 Re7 18. Rf3 f5 19. exf6 Rh7 20. Nxh7 Qxh7 21. Rg3+
Kh8 22. Qg5 Qf7 23. Qh4+ Qh7 24. Qg4 Qf7 25. Rf1 Nh7 26. Qh4 Qxf6 27. Qh3 Rg8
28. f5 Rxg3 29. hxg3 exf5 30. Rxf5 Qe7 31. Rh5 c5 32. Qc8+ Kg7 33. Qxa6 Nf6 34.
Rh4 Qe3+ 35. Kh2 Qxc3 36. Qxa7+ Kg6 37. dxc5 bxc5 38. Qb6 Qxc2 39. Rg4+ Kf7 40.
Qc7+ Ke6 41. Qc6+ Kf7 42. Rf4 Qc3 43. Qxd5+ Kg6 44. Qf5+ Kf7 45. g4 Ke7 46. g5
Nd7 47. Re4+ Kd8 48. g6 Qd2 49. Rh4 Qd6+ 50. Kh3 c4 51. g7 Qe6 52. Qxe6 1-0

[Event "Women's Speed Chess Q4"]
[Site "chess.com INT"]
[Date "2020.06.21"]
[Round "2"]
[White "Stefanova, Antoaneta"]
[Black "Gaponenko, Inna"]
[Result "1/2-1/2"]
[WhiteTitle "GM"]
[BlackTitle "IM"]
[WhiteElo "2462"]
[BlackElo "2396"]
[WhiteFideId "2902257"]
[BlackFideId "14101181"]
[EventDate "2020.06.21"]

1. d4 g6 2. Nf3 Bg7 3. g3 Nf6 4. Bg2 O-O 5. O-O d6 6. a4 c5 7. dxc5 dxc5 8. Nc3
Nc6 9. Be3 Bf5 10. Bxc5 Qxd1 11. Rfxd1 Bxc2 12. Rdc1 Be4 13. Nxe4 Nxe4 14. Ba3
Rfd8 15. Rd1 Kf8 16. Ne1 f5 17. Nd3 Nd4 18. Bxe4 fxe4 19. Nc5 Kf7 20. Nxb7 Nxe2+
21. Kf1 Rxd1+ 22. Rxd1 Nd4 23. Nc5 e3 24. fxe3 Nc2 25. Ke2 Nxa3 26. bxa3 Rc8 27.
Nb3 Rc2+ 28. Rd2 Rc3 29. Rd3 Rxd3 30. Kxd3 Bb2 31. Nd4 Bxa3 32. Nc6 Bc5 33. e4
Ke6 34. Kc4 Bg1 35. h3 h5 36. a5 Kd6 37. Nb4 Ke5 38. Kd3 g5 39. Nc6+ Kd6 40. Nd8
g4 41. hxg4 hxg4 42. Nf7+ Kc5 43. Nh6 Bf2 44. Nxg4 Bxg3 45. Ne3 Kb5 46. Nf5 Bd6
47. Kd4 Kxa5 48. Nxd6 exd6 49. Kd5 Kb4 50. Kxd6 a5 51. e5 a4 52. e6 a3 53. e7 a2
54. e8=Q a1=Q 55. Qb8+ Ka3 56. Qa7+ Kb2 57. Qb6+ Ka2 58. Qa5+ Kb2 59. Qb4+ Ka2
60. Qa4+ Kb2 61. Qxa1+ Kxa1 1/2-1/2

[Event "Women's Speed Chess Q4"]
[Site "chess.com INT"]
[Date "2020.06.21"]
[Round "2"]
[White "Meenakshi, Subbaraman"]
[Black "Mudodo, Refiloe Hazel"]
[Result "1/2-1/2"]
[WhiteTitle "WGM"]
[BlackTitle "WCM"]
[WhiteElo "2171"]
[BlackElo "1543"]
[WhiteFideId "5004381"]
[BlackFideId "11000821"]
[EventDate "2020.06.21"]

1. d4 d5 2. Nf3 Nf6 3. g3 e6 4. Bg2 c5 5. O-O cxd4 6. Nxd4 Bc5 7. c4 dxc4 8. Nb5
Qe7 9. Bf4 e5 10. Bg5 O-O 11. Bxf6 gxf6 12. N1c3 a6 13. Nd5 Qd8 14. Nbc7 Ra7 15.
Qa4 b6 16. Qxc4 Rxc7 17. Nxc7 Qxc7 18. Rac1 Qe7 19. Qh4 f5 20. Qh5 Qf6 21. e4
Qg6 22. Qe2 f4 23. Rfd1 fxg3 24. hxg3 Bg4 25. Bf3 Bh3 26. Kh2 Be6 27. b4 Bxb4
28. Qb2 Bc5 29. Qxe5 Bxf2 30. Rc2 Bc5 31. Rh1 Nd7 32. Qf4 f6 33. Kg2 Ne5 34. Bh5
Qg7 35. Be2 Bd7 36. Rh4 Ng6 37. Bc4+ Kh8 38. Qh6 Nxh4+ 39. Qxh4 Qg5 40. Qxg5
fxg5 41. Bd5 Kg7 42. Rb2 Rf6 43. Rd2 Bc8 44. e5 Rf8 45. Re2 Re8 46. Bc6 Re7 47.
Kh2 Be6 48. Bf3 a5 49. Kg2 h6 50. Rd2 Kh8 51. Rd8+ Kg7 52. Rd2 Kh8 53. Re2 Kg7
54. Rd2 1/2-1/2

[Event "Women's Speed Chess Q4"]
[Site "chess.com INT"]
[Date "2020.06.21"]
[Round "2"]
[White "Priyanka, K"]
[Black "Goryachkina, Aleksandra"]
[Result "0-1"]
[WhiteTitle "WIM"]
[BlackTitle "GM"]
[WhiteElo "2218"]
[BlackElo "2582"]
[WhiteFideId "5082986"]
[BlackFideId "4147103"]
[EventDate "2020.06.21"]

1. e4 e6 2. d4 d5 3. Nc3 Bb4 4. exd5 exd5 5. Bd3 Nf6 6. Bg5 O-O 7. Qf3 Qe8+ 8.
Ne2 Bg4 9. Qe3 Nbd7 10. Qxe8 Rfxe8 11. f3 Bh5 12. Kf2 Bg6 13. Bxg6 hxg6 14. Rhe1
c6 15. a3 Ba5 16. b4 Bc7 17. Bf4 Bxf4 18. Nxf4 Nb6 19. a4 a5 20. Reb1 Nc4 21.
Nd3 Re7 22. bxa5 Nxa5 23. Rb4 Ne8 24. Rab1 Nd6 25. Re1 Kf8 26. Rxe7 Kxe7 27. Ne2
g5 28. h3 f6 29. Nc5 Ra7 30. Nc1 Nac4 31. N1d3 b6 32. Nb3 Kd7 33. Nbc1 Kc7 34.
Ne2 Ra8 35. Nc3 Nf5 36. Nb2 Nxb2 37. Rxb2 Nxd4 38. Rb4 Ne6 39. Rb1 Nc5 40. Rb4
Ra6 41. Rd4 Ne6 42. Rg4 d4 0-1

[Event "Women's Speed Chess Q4"]
[Site "chess.com INT"]
[Date "2020.06.21"]
[Round "2"]
[White "Mkrtchian, Lilit"]
[Black "Papp, Petra"]
[Result "1-0"]
[WhiteTitle "IM"]
[BlackTitle "WGM"]
[WhiteElo "2388"]
[BlackElo "2338"]
[WhiteFideId "13300601"]
[BlackFideId "739049"]
[EventDate "2020.06.21"]

1. d4 Nf6 2. c4 g6 3. Nc3 d5 4. cxd5 Nxd5 5. e4 Nxc3 6. bxc3 Bg7 7. Bc4 c5 8.
Ne2 Nc6 9. Be3 O-O 10. O-O Qc7 11. Rc1 b6 12. Qd2 Bb7 13. Bh6 e6 14. Bxg7 Kxg7
15. Qe3 Qe7 16. Rfd1 Rfd8 17. e5 Rac8 18. Ng3 cxd4 19. cxd4 Na5 20. Be2 Bd5 21.
Qf4 h6 22. h4 Bxa2 23. Rxc8 Rxc8 24. Ne4 Bb3 25. Rf1 Bd5 26. Nf6 Nc6 27. h5 g5
28. Qg4 Rd8 29. f4 Nxd4 30. fxg5 Nxe2+ 31. Qxe2 Qc5+ 32. Kh2 Bc4 33. gxh6+ Kf8
34. Rd1 Rxd1 35. h7 Ke7 36. h8=Q Rd8 37. Ng8+ Rxg8 38. Qf6+ Kf8 39. Qd8+ Kg7 40.
Qg4+ Kh6 41. Qf6+ Kh7 42. Qxf7+ Kh6 43. Qgg6+ Rxg6 44. Qxg6# 1-0

[Event "Women's Speed Chess Q4"]
[Site "chess.com INT"]
[Date "2020.06.21"]
[Round "2"]
[White "Zhuravleva, Olga"]
[Black "Kubicka, Anna"]
[Result "0-1"]
[WhiteTitle "WIM"]
[BlackTitle "WIM"]
[WhiteElo "2278"]
[BlackElo "2256"]
[WhiteFideId "4145933"]
[BlackFideId "1152254"]
[EventDate "2020.06.21"]

1. e4 c5 2. Nf3 d6 3. d4 cxd4 4. Nxd4 Nf6 5. Nc3 a6 6. Bd3 e5 7. Nb3 Be7 8. O-O
O-O 9. f4 Nbd7 10. Kh1 b5 11. a3 Bb7 12. Qf3 Rc8 13. Bd2 Qc7 14. Rae1 Rfe8 15.
Qh3 Bf8 16. Nd5 Bxd5 17. exd5 e4 18. Be2 Nxd5 19. Nd4 N7f6 20. Rc1 e3 21. Be1
Qb6 22. c3 Ne4 23. Bd3 Qc7 24. Nf5 Nef6 25. Bh4 e2 26. Rf3 g6 27. Nd4 Bg7 28.
Nxe2 Nd7 29. Rcf1 Nc5 30. Nc1 Nxd3 31. Nxd3 f5 32. Bg5 Re2 33. R3f2 Rxf2 34.
Rxf2 Re8 35. Qf3 Qf7 36. h3 h6 37. Bh4 Re3 38. Qd1 Qe6 39. Kh2 Qe4 40. Nb4 Nxf4
41. Qxd6 Ne6 42. Qb8+ Nf8 43. Qf4 Be5 44. Bg3 Bxf4 45. Rxf4 Qb1 46. Rd4 Qxb2 47.
Bf4 Re2 48. Kg3 Rxg2+ 49. Kh4 Qf2+ 0-1

[Event "Women's Speed Chess Q4"]
[Site "chess.com INT"]
[Date "2020.06.21"]
[Round "2"]
[White "Karnaukhova, Elmira"]
[Black "Dzagnidze, Nana"]
[Result "1-0"]
[WhiteTitle "WGM"]
[BlackTitle "GM"]
[WhiteElo "2319"]
[BlackElo "2524"]
[WhiteFideId "4148827"]
[BlackFideId "13601903"]
[EventDate "2020.06.21"]

1. d4 Nf6 2. Bg5 g6 3. Bxf6 exf6 4. e3 d5 5. c4 dxc4 6. Bxc4 Bg7 7. Nc3 O-O 8.
Nf3 Nd7 9. O-O c5 10. dxc5 Nxc5 11. b4 Be6 12. Be2 Nd7 13. Nd4 Qe7 14. Nxe6 fxe6
15. Qb3 f5 16. Rac1 Rac8 17. Nb5 a6 18. Nc7 Kh8 19. Nxe6 Rfe8 20. Nxg7 Kxg7 21.
h3 Nf6 22. Bf3 Rc7 23. Rxc7 Qxc7 24. Rd1 Re7 25. Qd3 Rd7 26. Qe2 Rxd1+ 27. Qxd1
b6 28. Qd4 a5 29. bxa5 bxa5 30. a4 Qc1+ 31. Kh2 Qc7+ 32. g3 h5 33. Kg2 Kf7 34.
Bd5+ Nxd5 35. Qxd5+ Kg7 36. Kf3 Kh7 37. h4 Qc3 38. Qf7+ Kh6 39. Qd5 Qb4 40. Qd4
Qb7+ 41. Ke2 Qc7 42. Qh8+ 1-0

[Event "Women's Speed Chess Q4"]
[Site "chess.com INT"]
[Date "2020.06.21"]
[Round "2"]
[White "Divya, Deshmukh"]
[Black "Benmesbah, Natacha"]
[Result "1-0"]
[WhiteTitle "WIM"]
[BlackTitle "WIM"]
[WhiteElo "2305"]
[BlackElo "2223"]
[WhiteFideId "35006916"]
[BlackFideId "642002"]
[EventDate "2020.06.21"]

1. e4 c5 2. Nf3 Nc6 3. d4 cxd4 4. Nxd4 Nf6 5. Nc3 e5 6. Ndb5 d6 7. Bg5 a6 8. Na3
Be6 9. Nc4 Rb8 10. a4 Nd4 11. a5 Be7 12. Nb6 O-O 13. Bd3 h6 14. Be3 d5 15. exd5
Nxd5 16. Ncxd5 Bxd5 17. Bxd4 exd4 18. O-O Bc6 19. Qh5 Bd6 20. Qf5 g6 21. Qg4 Kg7
22. f4 Qf6 23. f5 g5 24. Nc4 Bc7 25. Nd2 Qe5 26. f6+ Kg8 27. Qh5 Qe3+ 28. Rf2 g4
29. Qf5 Qxd3 30. Qxd3 Rfe8 31. Qf5 Re5 32. Qxg4+ Rg5 33. Qh4 Kh7 34. Nf3 Rg6 35.
Nxd4 Bd5 36. b3 Rbg8 37. g3 Bb6 38. c4 Rg4 39. Qh5 Bxd4 40. Qxd5 Bxa1 41. Qxf7+
Kh8 42. Qh5 Kh7 43. f7 R8g5 44. Qxg5 Rxg5 45. f8=Q Bd4 46. Qf7+ Rg7 47. Qf5+ Kh8
48. Qf8+ Kh7 49. Qf5+ Kh8 50. Kg2 Bxf2 51. Qxf2 1-0

[Event "Women's Speed Chess Q4"]
[Site "chess.com INT"]
[Date "2020.06.21"]
[Round "2"]
[White "Zhukova, Natalia"]
[Black "Alexanian, Nelli"]
[Result "0-1"]
[WhiteTitle "GM"]
[BlackTitle "WIM"]
[WhiteElo "2328"]
[BlackElo "1986"]
[WhiteFideId "14101513"]
[BlackFideId "4170539"]
[EventDate "2020.06.21"]

1. c4 e5 2. Nc3 Bb4 3. Nd5 Bc5 4. Nf3 c6 5. Nc3 e4 6. Nxe4 Be7 7. Nc3 d5 8. cxd5
cxd5 9. d4 Nc6 10. Bf4 Nf6 11. e3 Qb6 12. Rb1 O-O 13. a3 Na5 14. Bd3 Nc4 15. O-O
Bg4 16. Bg5 Rfd8 17. Bxf6 Qxf6 18. Nxd5 Rxd5 19. Bxc4 Rf5 20. Be2 Bd6 21. e4 Qh6
22. Ne5 Bxe2 23. Qxe2 Bxe5 24. dxe5 Rxe5 25. Qf3 Rae8 26. Rfe1 Qg6 27. Re3 Rxe4
28. Rbe1 Rxe3 29. fxe3 b6 30. h3 Qd6 31. Re2 Qd1+ 32. Kh2 Qd6+ 33. g3 Qd1 34.
Kg2 Rc8 35. Qf2 h6 36. Rd2 Qc1 37. Qe2 Qb1 38. h4 Rc1 39. e4 Rg1+ 40. Kf3 Qf1+
41. Qxf1 Rxf1+ 42. Ke3 f6 43. Rd7 a5 0-1

[Event "Women's Speed Chess Q4"]
[Site "chess.com INT"]
[Date "2020.06.21"]
[Round "2"]
[White "Golubeva, Oksana"]
[Black "Kanyamarala, Trisha"]
[Result "0-1"]
[WhiteTitle "WFM"]
[BlackTitle "WIM"]
[WhiteElo "2179"]
[BlackElo "2193"]
[WhiteFideId "4170164"]
[BlackFideId "45004722"]
[EventDate "2020.06.21"]

1. Nf3 d5 2. g3 Nf6 3. Bg2 e6 4. d3 b5 5. Nbd2 Bb7 6. O-O Nbd7 7. Re1 Be7 8. e4
dxe4 9. dxe4 e5 10. Qe2 a6 11. a4 c6 12. b3 O-O 13. Bb2 Qc7 14. Rad1 Bc5 15. Nh4
g6 16. Kh1 Bd4 17. c3 Bc5 18. Rf1 bxa4 19. bxa4 a5 20. f4 Ba6 21. c4 Bd6 22.
Ndf3 Nh5 23. Rxd6 Qxd6 24. Nxe5 Nxe5 25. Bxe5 Qb4 26. Rc1 Rad8 27. Nf3 Rfe8 28.
g4 Ng7 29. Bf6 Rd7 30. Ne5 Rd2 31. Qf3 Qb2 32. Rf1 Qc2 33. g5 Bxc4 34. Rg1 Be2
35. Qh3 Nh5 36. Nf3 Bxf3 37. Bxf3 Rd3 38. Qg4 Qf2 39. Bd1 Qxf4 40. Qg2 Nxf6 41.
gxf6 Qxe4 42. Bc2 Qxg2+ 43. Rxg2 Re1+ 44. Rg1 Rxg1+ 45. Kxg1 Rc3 46. Be4 c5 47.
Kf1 Rc4 48. Bc6 Rf4+ 49. Ke2 Rxf6 50. Bb5 Rd6 51. Ke3 f5 52. Bc4+ Kg7 53. h4 Kf6 0-1

[Event "Women's Speed Chess Q4"]
[Site "chess.com INT"]
[Date "2020.06.21"]
[Round "2"]
[White "Janzelj, Lara"]
[Black "Berend, Elvira"]
[Result "1-0"]
[WhiteTitle "WIM"]
[BlackTitle "WGM"]
[WhiteElo "2210"]
[BlackElo "2326"]
[WhiteFideId "14608391"]
[BlackFideId "4000510"]
[EventDate "2020.06.21"]

1. c4 Nf6 2. Nc3 g6 3. d4 Bg7 4. e4 d6 5. Be2 O-O 6. Nf3 Bg4 7. h3 Bxf3 8. Bxf3
e5 9. Be3 Nc6 10. dxe5 dxe5 11. Nd5 Nd4 12. Bxd4 exd4 13. Qxd4 Nxe4 14. Qe3 Nd6
15. O-O Nxc4 16. Qc5 Ne5 17. Ne7+ Kh8 18. Bxb7 Nd3 19. Qc2 Nb4 20. Qc5 Nd3 21.
Qc2 Nb4 22. Qe4 Rb8 23. Qxb4 c5 24. Qe4 f5 25. Qh4 Rxb7 26. Nxg6+ Kg8 27. Qc4+
Rff7 28. Rad1 Qg5 29. Nf4 Rb4 30. Ne6 Rxc4 31. Nxg5 Rf8 32. Ne6 Re8 33. Nxg7
Kxg7 34. Rd7+ Kg6 35. Rfd1 Re6 36. Rxa7 Rc2 37. b3 Ree2 38. Rd6+ Kg5 39. Rg7+
Kf4 40. Rxh7 Rxf2 41. Rg6 Rxa2 42. Rh4+ Ke5 43. Rc4 Rfc2 44. Rxc2 Rxc2 45. Rg3
f4 46. Rf3 Ke4 47. h4 Ra2 48. Kh2 Ra8 49. Kh3 Rb8 50. Kg4 Rg8+ 51. Kh3 Rh8 52.
Rc3 Rc8 53. h5 Kd4 54. Rf3 Ke4 55. Kh4 Rg8 56. Kh3 Rh8 57. Kg4 Rg8+ 58. Kh3 Rh8
59. Kh4 Rg8 60. Rf2 Ke3 61. Rc2 Rc8 62. h6 Ke4 63. Kh5 Kf5 64. h7 Kf6 65. Kh6
Kf7 66. Rxc5 Rxc5 67. h8=Q Rc6+ 68. Kh5 Rc5+ 69. Kg4 Rc6 70. Qh7+ Ke6 71. Qe4+
Kd7 72. Qxc6+ Kxc6 73. Kxf4 1-0

[Event "Women's Speed Chess Q4"]
[Site "chess.com INT"]
[Date "2020.06.21"]
[Round "2"]
[White "Kovanova, Baira"]
[Black "Sviridova, Vlada"]
[Result "1/2-1/2"]
[WhiteTitle "WGM"]
[BlackTitle "WFM"]
[WhiteElo "2343"]
[BlackElo "2144"]
[WhiteFideId "4164083"]
[BlackFideId "24109606"]
[EventDate "2020.06.21"]

1. e4 e6 2. d3 d5 3. Qe2 Nf6 4. Nf3 c5 5. g3 Nc6 6. Bg2 Be7 7. O-O O-O 8. e5 Nd7
9. Re1 b6 10. h4 Bb7 11. Bf4 Re8 12. Nbd2 f5 13. c4 d4 14. Bg5 Qc7 15. Bf4 a6
16. Ng5 Nf8 17. h5 Bxg5 18. Bxg5 h6 19. Bf4 Nb4 20. Nf3 Qf7 21. a3 Nc6 22. Nh4
Nd8 23. Bf3 Rb8 24. b4 a5 25. bxc5 bxc5 26. Rab1 Bxf3 27. Qxf3 Rxb1 28. Rxb1 Qc7
29. Ng6 Nxg6 30. hxg6 Nc6 31. Rb5 Ne7 32. Rb7 Qc8 33. Ra7 Nxg6 34. Rxa5 Nxf4 35.
gxf4 Kh8 36. Ra7 Rg8 37. a4 Qb8 38. Qb7 Qxb7 39. Rxb7 Ra8 40. Re7 Rxa4 41. Rxe6
Ra3 42. Rc6 Kg8 43. Rxc5 Rxd3 44. Rc8+ Kf7 45. Rc7+ Kg6 46. Rd7 Rd1+ 47. Kg2 d3
48. c5 Rc1 49. Rxd3 Rxc5 50. Rd7 Rc3 51. Rd6+ Kf7 52. Ra6 Rb3 53. Rc6 Rd3 54.
Ra6 Rb3 55. Rc6 Rd3 56. Ra6 Rb3 1/2-1/2

[Event "Women's Speed Chess Q4"]
[Site "chess.com INT"]
[Date "2020.06.21"]
[Round "2"]
[White "Danielian, Elina"]
[Black "Arakhamia-Grant, Ketevan"]
[Result "1/2-1/2"]
[WhiteTitle "GM"]
[BlackTitle "GM"]
[WhiteElo "2407"]
[BlackElo "2380"]
[WhiteFideId "13300210"]
[BlackFideId "13600168"]
[EventDate "2020.06.21"]

1. d4 Nf6 2. Bg5 c5 3. Bxf6 gxf6 4. d5 Bg7 5. e3 Qb6 6. Qc1 d6 7. c3 f5 8. Ne2
Nd7 9. Nf4 Nf6 10. Bc4 O-O 11. a4 Qc7 12. Na3 a6 13. O-O Rb8 14. Qd1 Bd7 15. Nh5
b5 16. axb5 axb5 17. Nxf6+ Bxf6 18. Bd3 Kh8 19. Qf3 Qc8 20. e4 Rg8 21. exf5 Rg5
22. h4 Rg7 23. g3 Bxh4 24. Kg2 Bf6 25. Nc2 b4 26. cxb4 c4 27. Be4 Bxb2 28. Rab1
Bf6 29. Rh1 c3 30. Bd3 Bb5 31. Rh5 Qa6 32. Bxb5 Rxb5 33. Qd3 Qb7 34. Rd1 Rb6 35.
Rdh1 Rb5 36. Rd1 Rb6 37. Qc4 Rb5 38. g4 e6 39. fxe6 fxe6 40. Ne3 Rxb4 41. Qd3
Rd4 42. Qe2 Rxd1 43. Qxd1 Bg5 44. Rxg5 Rxg5 45. Qd4+ e5 46. Qxc3 Qf7 47. Qc8+
Rg8 48. Qc6 Qf6 49. Qd7 h6 50. f3 Rg7 51. Qc8+ Rg8 52. Qd7 Rg7 53. Qc8+ Rg8 54.
Qd7 1/2-1/2

[Event "Women's Speed Chess Q4"]
[Site "chess.com INT"]
[Date "2020.06.21"]
[Round "2"]
[White "Goltseva, Ekaterina"]
[Black "Narva, Regina"]
[Result "1-0"]
[WhiteTitle "FM"]
[BlackTitle "WFM"]
[WhiteElo "2306"]
[BlackElo "1905"]
[WhiteFideId "24173770"]
[BlackFideId "4500237"]
[EventDate "2020.06.21"]

1. d4 Nf6 2. c4 e5 3. dxe5 Ne4 4. a3 Bc5 5. e3 d6 6. Bd3 f5 7. Bxe4 fxe4 8. exd6
Bxd6 9. Qh5+ g6 10. Qd5 Qe7 11. Nc3 Nc6 12. Nxe4 Be6 13. Nxd6+ cxd6 14. Qe4
O-O-O 15. Nf3 d5 16. cxd5 Rxd5 17. O-O Qd7 18. b4 Bf5 19. Qf4 Bd3 20. Re1 Qg7
21. Bd2 Rf8 22. Qg4+ Bf5 23. Qg3 g5 24. e4 Rd3 25. exf5 g4 26. Rad1 Rfd8 27. f6
Qg8 28. f7 Qg7 29. Bh6 Qxh6 30. Qxg4+ Kb8 31. Rxd3 Rxd3 32. Qg8+ Rd8 33. Re8
Qc1+ 34. Ne1 Qd1 35. f8=Q Rxe8 36. Qxe8+ Kc7 37. Qg3+ Kb6 38. Qge3+ Kb5 39. Qe2+
Qxe2 40. Qxe2+ Ka4 41. Qc4 Ne5 42. Qe4 Nc6 43. Nd3 Kb3 44. b5 Na5 45. Nc5+ Kxa3
46. Qa4+ Kb2 47. Qxa5 Kc2 48. Qxa7 Kd1 49. Qxb7 Ke2 50. Qe7+ Kd2 51. b6 Kc2 52.
b7 Kc3 53. b8=Q Kc4 54. Qe4+ Kxc5 55. Qbe5+ 1-0